| 000 | 00425nam a2200181Ia 4500 | ||
|---|---|---|---|
| 001 | 15105 | ||
| 005 | 20260306165003.0 | ||
| 008 | 260306t1960||||xx |||||||||||||| ||spa|| | ||
| 041 | _aESP | ||
| 082 |
_a530 _bS31 |
||
| 100 |
_aSears, Francis _eAUT |
||
| 245 | 0 |
_aFundamentos de física III: _bOPTICA |
|
| 260 | _c1960 | ||
| 300 |
_a385 páginas : _c21 cm. |
||
| 650 | _aGEN | ||
| 654 | _aCCN | ||
| 942 |
_cLIB _dJUS _fJUS _2ddc _n |
||
| 999 |
_c15105 _d15105 |
||